| 000 | 00346nam a2200145Ia 4500 | ||
|---|---|---|---|
| 008 | 191201s2010 xx 000 0 und d | ||
| 082 |
_a621.01 _bKUT |
||
| 100 | _aKUMAR, D.S. | ||
| 245 | 0 | _aThermal Science and Engineering | |
| 250 | _aRep | ||
| 260 |
_aN. Delhi _bS.K.Kataria _c2010 |
||
| 300 | _a763 | ||
| 650 | _aM.Tech (ME) | ||
| 942 |
_2ddc _cBK |
||
| 999 |
_c5109 _d5109 |
||